| 000 | 02845nam a22003257a 4500 | ||
|---|---|---|---|
| 003 | OSt | ||
| 005 | 20210305170015.0 | ||
| 008 | 210305s2017 ck adb|gr|||| 00| 0dspa d | ||
| 020 | _a9789587389418 | ||
| 040 |
_aCO-JMCR _cCO-JMCR |
||
| 041 | 0 | _aspa | |
| 082 | 0 | 4 |
_a336.185 / _bG166e _223 |
| 100 | 1 |
_aGallego Acevedo, Juan Miguel, _eautor _914450 |
|
| 245 | 1 | 0 |
_aEvolución del balance financiero de los hogares bogotanos / _cJuan Miguel Gallego Acevedo, Jorge Iván González Borrero y Carlos Eduardo Sepúlveda Rico |
| 250 | _aPrimera edición | ||
| 260 |
_aBogotá : _bEditorial Universidad del Rosario, _c2017 |
||
| 300 |
_axxiv, 121 páginas : _bilustraciones, gráficos y mapas a color ; _c24 cm. |
||
| 490 | 0 | _aColección Textos de Economía | |
| 500 | _aIncluye notas a pie de página y datos biográficos de los autores. | ||
| 504 | _aBibliografía: páginas 115-117 | ||
| 505 | 0 | _aBalance financiero de los hogares, fundamentos teóricos de cálculo -- La política social y tributaria: descripción de los principales componentes -- Ingreso disponible. Metodología de cálculo -- Resultados y análisis de la estimación del balance financiero neto -- Efecto redistributivo de la política fiscal -- Análisis espacial del balance financiero | |
| 520 | 3 | _aEste libro presenta nueva evidencia del efecto redistributivo de la política fiscal que afecta el balance financiero de los hogares en Bogotá, municipios de la Sabana y el departamento de Cundinamarca. Se presenta una cuidadosa identificación de aquellos subsidios, contribuciones e impuestos que reciben o pagan los miembros de un hogar y de este modo, utilizando la metodología de análisis de incidencia, logra medir el efecto redistributivo en términos de ingreso tanto en Bogotá como en los municipios que conforman la región de influencia de la capital de país. En esta obra los autores van más allá de calcular el efecto redistributivo y enfocan sus resultados a reconocer la capacidad redistributiva que tienen las grandes urbes para mejorar la distribución del ingreso de sus habitantes. El texto logra explicar y mostrar que ciudades como Bogotá cuentan con diversos instrumentos que mejoran sustancialmente el bienestar de sus residentes y reducen los niveles de desigualdad. Este libro es un aporte sustancial en la generación de evidencia empírica sobre el papel que pueden jugar las ciudades para mejorar el bienestar social de sus residentes. | |
| 650 | 1 | 4 |
_aEconomía bogotana _xbalance _914451 |
| 650 | 2 | 4 |
_aDistribucion de ingreso _zBogotá (Colombia) _914452 |
| 650 | 2 | 4 |
_aJusticia social _zBogotá (Colombia) _914453 |
| 650 | 2 | 4 |
_aHogares _xaspectos económicos _zBogotá (Colombia) _914454 |
| 700 | 1 |
_aGonzález Borrero, Jorge Iván, _eautor _914455 |
|
| 700 | 1 |
_aSepúlveda Rico, Carlos Eduardo, _eautor _914456 |
|
| 942 |
_2ddc _cBK |
||
| 999 |
_c7466 _d7466 |
||